Taking men alive: (Record no. 11019)

000 -LEADER
fixed length control field 00797nam a2200205 a 4500
001 - CONTROL NUMBER
control field :::00008812$&:&@@
003 - CONTROL NUMBER IDENTIFIER
control field OkBaRHE
005 - DATE AND TIME OF LATEST TRANSACTION
control field 20000607103346.0
008 - FIXED-LENGTH DATA ELEMENTS--GENERAL INFORMATION
fixed length control field s1938 j 000 0 eng u
040 ## - CATALOGING SOURCE
Transcribing agency
100 1# - MAIN ENTRY--PERSONAL NAME
Personal name Trumbull, Charles Gallaudet.
245 10 - TITLE STATEMENT
Title Taking men alive:
Remainder of title studies in the principles and practise of individual soul-winning.
260 ## - PUBLICATION, DISTRIBUTION, ETC. (IMPRINT)
Place of publication, distribution, etc New York City, NY., :
Name of publisher, distributor, etc Fleming H. Revell Co.
Date of publication, distribution, etc 1938
300 ## - PHYSICAL DESCRIPTION
Extent 196 p.
650 ## - SUBJECT ADDED ENTRY--TOPICAL TERM
Topical term or geographic name as entry element Evangelism
942 ## - ADDED ENTRY ELEMENTS (KOHA)
Source of classification or shelving scheme
Koha item type Books
Copies
Date last seen Damaged status Date acquired Permanent Location Withdrawn status Not for loan Price effective from Barcode Source of classification or shelving scheme Lost status Copy number Koha item type Shelving location Full call number
2010-04-14 2010-04-14RHEMA Bible Training College  2010-04-148812  1BooksGeneral StacksBV 3795 .T7
2010-04-14 2010-04-14RHEMA Bible Training College  2010-04-1416453  2BooksGeneral StacksBV 3795 .T7
2010-04-14 2010-04-14RHEMA Bible Training College  2010-04-1416454  3BooksGeneral StacksBV 3795 .T7